| 000 | 00713cam a2200241 4500 | ||
|---|---|---|---|
| 001 | ABS63667 | ||
| 008 | 000000n2001 000 0 eng u | ||
| 035 | _a(Sirsi) u111835 | ||
| 245 | _aFocus update 2001: City of London and West End | ||
| 260 | _c2001 | ||
| 490 |
_aEstates Gazette _v(0111) 17 March 2001, 95-131(13) |
||
| 590 | _aABS | ||
| 650 | _aCITY OF LONDON | ||
| 650 | _aWEST END OF LONDON | ||
| 650 | _aPROPERTY-COMMERCIAL PROPERTY-OFFICE PROPERTY-OFFICE PROPERTY MARKET | ||
| 650 | _aPRIME RENTS | ||
| 650 | _aUS ECONOMY | ||
| 650 | _aPLANNING | ||
| 650 | _aINVESTMENT | ||
| 650 | _aRESIDENTIAL MARKET | ||
| 690 | _aPROPERTY-COMMERCIAL PROPERTY-COMMERCIAL PROPERTY MARKET | ||
| 942 | _n0 | ||
| 999 |
_c66642 _d66642 |
||